000 00338nam a22001457a 4500
008 210305b ||||| |||| 00| 0 eng d
020 _a9780262012164
041 _aeng
080 _a330.101.542
082 _a330.101.542
100 _a52
101 _aMIKRO
245 _aThe Economics of Microfinance
_cAghion, B.A
942 _2udc
_cBK
999 _c55826
_d55826